LEADER 01315nam a2200313 u 4500 001 000000127363 003 CaOOAMICUS 005 20120130093643.0 008 120130s2011 it u000 u ita r 020 $a978-88-13-30891-9 040 $aPUL$bita 082 04$a342.45 100 1 $aLiberati, Alessio.$0(OLS)http://pul/name/64347 245 10$aEdilizia ed urbanistica /$cAlessio Liberati. 260 $aPadova :$bCEDAM,$c©2011. 300 $aXLVIII, 945 p. ;$c24 cm 490 1 $aDiritto amministrativo. Manuali professionali ;$v07 504 $aBibliografia : p. [873]-897. 650 4$aDiritto amministrativo$zItalia.$0(OLS)http://pul/subject/8339 650 4$aEdilizia$zItalia$xLegislazione.$0(OLS)http://pul/subject/35496 830 0$aDiritto amministrativo.$pManuali professionali ;$v07.$0(OLS)http://pul/title/142321 850 $aPUL 852 $aPUL$W1$xSL Diritto e Scienze Sociali 3$y79$m342. 45 LIBAL 1.7$j147346$qDDC 21$B145980$CPULBib$Z2$F145980 $H118289 $82 941 1 $a9 996 $6020$a978-88-13-30891-9$9(OLS)http://pul/number/148705 996 $6082$a342.45$9(OLS)http://pul/classification/377 996 $6245$aEdilizia ed urbanistica$9(OLS)http://pul/title/160933 996 $6260$aPadova :$bCEDAM$9(OLS)http://pul/publisher/48126 LEADER 01542nam a2200349 a 4500 001 000000127439 003 CaOOAMICUS 005 20120202092513.0 008 120202s2011 it u000 u ita r 020 $a978-88-598-0623-3 040 $aPUL$bita 082 04$a348.5 245 00$aCodice commentato della proprietą industriale e intellettuale /$ca cura di C. Galli, A. M. Gambino ; con la collaborazione di V. Falce. 260 $aTorino :$bUTET Giuridica,$c©2011. 300 $aXCIV, 3854 p. ;$c22 cm. 490 1 $aI codici ipertestuali 500 $aSulla coperta: Con banca dati. 500 $aTesto su due colonne. 504 $aContiene riferimenti bibliografici ed indice. 650 4$aDiritto privato$zItalia.$0(OLS)http://pul/subject/1235 700 1 $aGalli, Cesare.$0(OLS)http://pul/name/78666 700 1 $aGambino, Alberto Maria.$0(OLS)http://pul/name/44523 700 1 $aFalce, Valeria.$0(OLS)http://pul/name/72941 830 2$aI codici ipertestuali.$0(OLS)http://pul/title/105453 850 $aPUL 852 $aPUL$W1$xSL Diritto e Scienze Sociali 3$y79$m348. 45 COD 4.1.8$j147449$qDDC 21$B146080$CPULBib$Z2$F146080 $H118915 $82 941 1 $a9 996 $6020$a978-88-598-0623-3$9(OLS)http://pul/number/148775 996 $6082$a348.5$9(OLS)http://pul/classification/2156 996 $6245$aCodice commentato della proprietą industriale e intellettuale$9(OLS)http://pul/title/161021 996 $6260$aTorino :$bUTET Giuridica$9(OLS)http://pul/publisher/79191